Hoofdsteden van de wereld op de kaart - Statistieken

Algemene statistieken
  • Deze quiz is 2.825 keer genomen
  • De gemiddelde score is 94 van 196
Antwoorden op de kaart
Antwoorden kleurgecodeerd door een groen-rode schaal op de quizkaart volgens % correct hieronder.
 
Antwoordstatistieken
Antwoord % Correct
Amsterdam
91%
Londen
91%
Madrid
91%
Parijs
91%
Brussel
90%
Lissabon
90%
Washington D.C.
90%
Berlijn
89%
Dublin
89%
Oslo
89%
Moskou
88%
Luxemburg
86%
Mexico-Stad
86%
Helsinki
85%
Rome
85%
Stockholm
85%
Athene
84%
Kiev
84%
Kopenhagen
84%
Reykjavik
84%
Vaticaanstad
83%
Wenen
83%
Bern
82%
Praag
82%
Tokio
82%
Warschau
82%
Monaco
81%
Boekarest
80%
Brasilia
80%
Boedapest
79%
Peking
78%
San Marino
78%
Ankara
76%
Pretoria / Bloemfontein / Kaapstad
75%
Riga
75%
Zagreb
75%
Buenos Aires
74%
Caïro
74%
Sofia
74%
Minsk
73%
Ottawa
73%
Tallinn
72%
Canberra
71%
Skopje
71%
Seoel
70%
Ljubljana
69%
New Delhi
69%
Bratislava
68%
Lima
68%
Tirana
68%
Vilnius
68%
Andorra la Vella
66%
Sarajevo
66%
Belgrado
65%
Jakarta
65%
Jeruzalem
65%
Rabat
64%
Santiago
64%
Valletta
64%
Vaduz
63%
Havana
61%
Panama-Stad
61%
Bangkok
60%
Bogota
60%
Paramaribo
60%
Singapore
60%
Tunis
60%
Algiers
59%
Chisinau
58%
Montevideo
57%
Pyongyang
57%
Wellington
57%
Bagdad
55%
Abu Dhabi
54%
Podgorica
54%
Teheran
54%
Pristina
53%
Caracas
52%
Dhaka
52%
Quito
52%
Kingston
51%
Kingstown
51%
La Paz / Sucre
51%
Manilla
51%
Hanoi
50%
Ulaanbaatar
50%
Damascus
48%
Koeweit
48%
Nairobi
48%
Nicosia
48%
Riyad
48%
Windhoek
48%
Kuala Lumpur
47%
Bakoe
46%
Georgetown
46%
Islamabad
46%
San Salvador
46%
Taipei
46%
Astana
45%
Beiroet
45%
Guatemala-Stad
45%
Kabul
45%
Doha
44%
Kinshasa
43%
Tbilisi
43%
Asuncion
42%
Tripoli
42%
Antananarivo
41%
Jerevan
40%
San José
40%
Dakar
39%
Djibouti
39%
Kathmandu
39%
Port-au-Prince
39%
Sanaa
39%
Brazzaville
38%
Addis Abeba
37%
Malé
37%
Nassau
37%
Amman
35%
Phnom Penh
35%
Freetown
34%
Port of Spain
34%
Santo Domingo
34%
Masqat
33%
Sao Tomé
33%
Accra
32%
Belmopan
31%
Khartoem
31%
Managua
31%
Bissau
29%
Luanda
29%
Mogadishu
29%
Vientiane
29%
Dili
28%
Tasjkent
28%
Tegucigalpa
28%
Victoria
28%
Abuja
27%
Bisjkek
27%
Manamah
27%
Ouagadougou
27%
Thimphu
27%
Djoeba
26%
Harare
26%
Port Moresby
26%
Saint John's
26%
Yaoundé
26%
Asjchabad
25%
Libreville
25%
Praia
25%
Saint George's
25%
Bandar Seri Begawan
24%
Bridgetown
24%
Dodoma
24%
Doesjanbe
24%
Kampala
24%
Lomé
24%
Port Louis
24%
Roseau
24%
Asmara
23%
Basseterre
23%
Kigali
23%
Monrovia
23%
Naypyidaw
23%
Yamoussoukro
23%
Bamako
22%
Banjul
22%
Castries
22%
Gaborone
22%
Maputo
22%
Niamey
22%
Bangui
21%
Conakry
21%
Lusaka
21%
Nouakchott
21%
Porto-Novo / Cotonou
21%
Suva
21%
Lilongwe
20%
Mbabane
20%
Moroni
19%
Ndjamena
19%
Apia
18%
Gitega
18%
Maseru
18%
Port Vila
18%
Yaren
18%
Zuid-Tarawa
18%
Funafuti
17%
Honiara
17%
Sri Jayewardenapura Kotte
17%
Majuro
16%
Malabo
16%
Nuku'alofa
16%
Palikir
16%
Ngerulmud
15%
Geen overeenkomende quizzen gevonden
Scoreverdeling
Procent van Mensen met Elke Score
Percentiel versus Aantal Correcte Antwoorden
Uw Scoregeschiedenis
U heeft deze quiz nog niet genomen